Krkonoše automapa = avtokarta = road map = carte routière = Autokarte /
| Korporativní autor: | Kartografie Praha (firma) |
|---|---|
| Další autoři: | Siropolko, Stepan, Roulová, Zdenka, 1937-, Patočka, Bedřich, Kartografický a reprodukční ústav (Praha, Česko), Kartografické nakladatelství (Praha, Česko) |
| Jazyk: | Ruština Němčina Francouzština Čeština Angličtina |
| Vydáno: |
[Praha] : Kartografické nakladatelství, 1967 |
| Vydání: | 1. vyd. |
| Témata: | |
| Fyzický popis: |
1 mapa : barev. ; 43 x 41 cm, na listu 44 x 53 cm, složeno na 22 x 11 cm |
| Language note: |
Souběžný český, ruský, anglický, francouzský a německý text |
| LEADER | 02364nem a2200505 a 4500 | ||
|---|---|---|---|
| 001 | 001400547 | ||
| 003 | CZ BrMZK | ||
| 005 | 20220921141543.0 | ||
| 007 | aj|canzn | ||
| 008 | 111208s1967 xr g a 0| cze d | ||
| 015 | |a cnb002094317 | ||
| 034 | 1 | |a a |b 200000 |d E0151125 |e E0161951 |f N0505959 |g N0501320 | |
| 040 | |a BOA001 |b cze | ||
| 041 | 0 | |a cze |a rus |a eng |a fre |a ger | |
| 043 | |a e-xr--- |b e-xr-cc |2 czenas | ||
| 044 | |a xr |a xo | ||
| 072 | 7 | |a 796 |x Sport. Hry. Tělesná cvičení |2 Konspekt |9 20 | |
| 072 | 7 | |a 912 |x Mapy. Atlasy. Glóby |2 Konspekt |9 7 | |
| 080 | |a 796.57:629.331 |2 MRF | ||
| 080 | |a 656.11 |2 MRF | ||
| 080 | |a 913(437.31-17) |2 MRF | ||
| 080 | |a (084.3)656.1 |2 MRF | ||
| 245 | 0 | 0 | |a Krkonoše |h [kartografický dokument] : |b automapa = avtokarta = road map = carte routière = Autokarte / |c zpracovala Kartografie v Praze ; odpovědný redaktor Stepan Siropolko ; technická redaktorka Zdenka Roulová ; obálka: Bedřich Patočka |
| 250 | |a 1. vyd. | ||
| 255 | |a Měřítko 1:200 000 |c (15°11´25" v.d.--16°19´51" v.d./50°59´59" s.š.--50°13´20" s.š.) | ||
| 260 | |a [Praha] : |b Kartografické nakladatelství, |c 1967 |f (Kartografický a reprodukční ústav v Praze) | ||
| 300 | |a 1 mapa : |b barev. ; |c 43 x 41 cm, na listu 44 x 53 cm, složeno na 22 x 11 cm | ||
| 500 | |a Na rubu doprovodný text, fotografie a obálkový název | ||
| 500 | |a Obsahuje doplňkovou mapu se sítí hlavních silnic | ||
| 500 | |a Na obálce pořadové číslo v rámci edice automap 15 | ||
| 546 | |a Souběžný český, ruský, anglický, francouzský a německý text | ||
| 650 | 0 | 7 | |a autoturistika |7 ph391048 |2 czenas |
| 650 | 0 | 7 | |a silnice |7 ph116142 |2 czenas |
| 651 | 7 | |a Krkonoše (Česko a Polsko : pohoří : oblast) |7 ge134290 |2 czenas | |
| 655 | 7 | |a automapy |7 fd131856 |2 czenas | |
| 700 | 1 | |a Siropolko, Stepan |7 mzk2009544249 |4 pbd | |
| 700 | 1 | |a Roulová, Zdenka, |d 1937- |7 stk2008428677 |4 edt | |
| 700 | 1 | |a Patočka, Bedřich |7 mzk2014818806 |4 bjd | |
| 710 | 2 | |a Kartografie Praha (firma) |7 kn20010724363 |4 ctg | |
| 710 | 2 | |a Kartografický a reprodukční ústav (Praha, Česko) |7 ko2003164641 |4 prt |4 ctg | |
| 710 | 2 | |a Kartografické nakladatelství (Praha, Česko) |4 pbl | |
| 910 | |a BOA001 |b Skř.9A-0590.596 | ||
| 990 | |a MP | ||
| 991 | |b 201407 | ||
| 996 | 6 | |b 2619016207 |c Skř.9A-0590.596 |l MZK |r Sklad / do 24 hodin |n 0 |w 001438821 |u 000010 |a 1 |e BOA001 |j MZK50 |s P | |
English
Čeština 